00583nam a22001817a 4500010001300000020001100013035001300024037001800037040001200055082001800067100002100085245014500106260004400251270004700295300002200342650001700364650002000381 aA-945691 c195.00 aA-945691 bCen Lib / Ret aDPLbEN a581.0287bSUN aS. Sundara Rajan aPractical manual of college botany :bmicrobiology plant pathology, mycology, phycology, bryophytes and plant anatomy /cby S. Sundara Rajan aMumbaibHimalaya Publishing Housec1999 aDr. Bhalerao Marg, GirgaonbMumbaie400004 a122p ; c27cm(Hb) aMicrobiology aPlant Pathology